Statistics for Just Add Magic First Names

Click here to take the quiz!

General Stats

  • This quiz has been taken 48 times
  • The average score is 19 of 38

Answer Stats

SurnameName% Correct
Parker-KentHannah
94%
O'BrienDarbie
91%
SilversGina
88%
QuinnKelly
88%
PerezIda
85%
QuinnRebecca
85%
PeizerRose
76%
QuinnBuddy
73%
Peizer
Charles
70%
QuinnScott
67%
SellitiZoe
67%
QuinnTerri
64%
Chua-SellitiErin
61%
SellitiLeo
58%
JasperNoëlle
58%
HankinsChuck
55%
Parker-KentHailey
55%
WilliamsJake
55%
QuinnJames
48%
WhiteRJ
48%
MorrisArthur
45%
GuptaIsh
45%
PalmerCaroline
42%
MaddoxIan
42%
O'BrienPatrick
42%
LeverAdam
39%
HamiltonLexi
30%
BennettLeah
27%
SellitiNick
27%
HamiltonCody
24%
WintersTrudith
24%
O'BrienJenny
18%
WaltersJames
15%
MontelJess
15%
HamiltonPierce
12%
KentClayton
6%
CoburnLaura
6%
ShipmanMitch
6%

Score Distribution

Percentile by Number Answered

Percent of People with Each Score

Your Score History

You have not taken this quiz